Activities of enzyme transducing extracellular signals - gamma glutamyltransferase and enzymes metabolizing glutathione in acute lymphoblastic and myeloid human leukemias

Bibliographic Details
Main Author: Rzymowska, J. (Author)
Format: Article
Language:English

MARC

LEADER 00000nab a2200000ua 4500
001 vtls010828908
003 SK-MaSNL
005 20260303141032.0
008 230222s1995 xo |||||||||||||||||eng|
035 |a (urnnbn)urn:nbn:sk:snk:ar-a06f2l 
035 |a urn:nbn:sk:snk-ab5udz 
035 |a (uuid)73c4153c-c4d5-448b-be8a-8d5619de6e27 
040 |a SNKBUCL  |b slo  |c SNKBUCL  |e AACR2 
041 0 |a eng 
044 |a xo  |c SK 
100 1 |a Rzymowska, J.  |4 aut  |9 1160302 
245 1 0 |a Activities of enzyme transducing extracellular signals - gamma glutamyltransferase and enzymes metabolizing glutathione in acute lymphoblastic and myeloid human leukemias  |c J. Rzymowska 
773 0 |t Neoplasma : journal of experimental and clinical oncology  |g Roč. 42, č. 2 (1995), s. 53-56 
958 |a OND 
958 |a EUIPO 
958 |a article5 
999 |c 1973713  |d 1975643